El amor a la vida: conferencias radiofónicas compiladas por Hans Jüegen Schultz
Sábháilte in:
| Príomhchruthaitheoir: | |
|---|---|
| Formáid: | LEABHAR |
| Teanga: | Spáinnis |
| Foilsithe / Cruthaithe: |
Barcelona
Paidós
2011
|
| Eagrán: | 1a. ed |
| Sraith: | Nueva Biblioteca Erich Fromm, 9
|
| Ábhair: | |
| Clibeanna: |
Cuir clib leis
Níl clibeanna ann, Bí ar an gcéad duine le clib a chur leis an taifead seo!
|
MARC
| LEADER | 00000cam a2200000 a 4500 | ||
|---|---|---|---|
| 001 | UCE5451 | ||
| 003 | CL-VaPUC | ||
| 008 | 150109e20110200sp |||||||||||||||||spa|d | ||
| 020 | |a 9788449324871 | ||
| 082 | 0 | 4 | |a 152.4 |b FRO |2 21 |
| 100 | 0 | |a Fromm, Erich |e author |9 315922 | |
| 245 | 1 | 3 | |a El amor a la vida: conferencias radiofónicas compiladas por Hans Jüegen Schultz |
| 250 | |a 1a. ed | ||
| 300 | |a 253 p | ||
| 942 | |c BK | ||
| 945 | |d 20150109 08:57:00 |a arojas | ||
| 260 | |a Barcelona |b Paidós |c 2011 | ||
| 650 | 0 | |a Amor |9 257817 | |
| 650 | 0 | |a Vida |9 266033 | |
| 650 | 0 | |a Psicología |9 257863 | |
| 583 | |a last modification |c 20150109 08:57:00 |k Rodrigo Vera | ||
| 490 | 0 | |a Nueva Biblioteca Erich Fromm, 9 | |
| 999 | |c 358169 |d 358167 | ||
| 952 | |0 0 |1 0 |3 erb |4 0 |6 152_400000000000000_FRO_2011 |7 0 |8 A |9 466713 |a BIBGIM |b BIBGIM |i 5133912 |l 2 |o 152.4 FRO 2011 |p 5133912 |r 2025-01-15 |s 2024-11-29 |w 2019-11-23 |y BK |z Catalogado en:20150109 |k SSL | ||